000
00225nam a22000857a 4500
008
160705b xxu||||| |||| 00| 0 eng d
100
_9
2154
_a
Salwi, D.M
245
_a
My Robot Robbi
260
_a
New Delhi
_b
National Book Trust
_c
2004
999
_c
1846
_d
1846